| 000 | 01257nam a2200301Ia 4500 | ||
|---|---|---|---|
| 001 | ebr10666014 | ||
| 003 | CaPaEBR | ||
| 006 | m u | ||
| 007 | cr cn||||||||| | ||
| 008 | 130328s2012 gw s 000 0 eng d | ||
| 020 | _z9783631636633 | ||
| 020 | _z9783653024470 (ebook) | ||
| 040 |
_aCaPaEBR _cCaPaEBR |
||
| 035 | _a(OCoLC)829460651 | ||
| 050 | 1 | 4 |
_aPN56.M536 _bZ86 2012eb |
| 100 | 1 | _aZunino-Garrido, Cinta. | |
| 245 | 1 | 0 |
_aMimesis and the representation of experience _h[electronic resource] : _bdramatic theory and practice in pre-Shakespearean comedy (1560-1590) / _cCinta Zunino-Garrido. |
| 260 |
_aFrankfurt : _bPeter Lang GmbH, Internationaler Verlag der Wissenschaften, _c2012. |
||
| 300 | _a270 p. | ||
| 490 | 1 |
_aText, meaning, context ; _vvol. 3 |
|
| 533 |
_aElectronic reproduction. _bPalo Alto, Calif. : _cebrary, _d2013. _nAvailable via World Wide Web. _nAccess may be limited to ebrary affiliated libraries. |
||
| 650 | 0 | _aMimeses in literature. | |
| 650 | 0 | _aComedy. | |
| 655 | 7 |
_aElectronic books. _2local |
|
| 710 | 2 | _aebrary, Inc. | |
| 830 | 0 |
_aText, meaning, context ; _vvol. 3. |
|
| 856 | 4 | 0 |
_uhttp://site.ebrary.com/lib/rucke/Doc?id=10666014 _zAn electronic book accessible through the World Wide Web; click to view |
| 999 |
_c175061 _d175061 |
||